000 00832nam a22002777a 4500
001 BR9507571
003 BR-BrBNA
005 20230928095110.0
007 ta
008 230509b bl.||||| |||| 00| 0 por d
040 _aBR-BrBNA
_bpor
_cBiblioteca Nacional de Agricultura
041 _a(Por)
072 _aL60
_b8500
090 _ 8500 BR9507571
100 1 _aVanzolini, P.E.
110 1 _aConselho Nacional de Desenvolvimento Cientifico e Tecnologico, Brasilia, DF (Brasil)
245 1 _aLevantamento herpetalogico da area do estado de Rondonia sob a influencia da rodovia BR 364
260 3 _aBrasilia, DF (Brasil):
_c1986.
300 _a50 p.
650 _aReptil
650 _aTaxonomia Animal
650 _aDistribuicao Geografica
650 _aRondonia
909 _a202309
_bLucia
_c55
_dLucia Elande
942 _cBK
999 _c54519
_d54519